1662 2000 1074 1896 1831 1824 1838 1127 1780 1950 1168 1142 1667 1447 1030 1964 1480 1294 1339 1044 1150 1520 1338 1733 1342 1373 1322 1351 1462 1186 1159 1184 1114 1194 1668 1623 1107 1807 1791 1563 1220 1643 1451 1531 1793 1406 1868 1591 1068 1435 1024 1555 1201 1577 1900 1124 1075 1662 1761 1440 1910 1505 1437 1760 1881 1241 1253 1037 1156 1445 1754 1176 1336 1355 1029 1651 1642 1717 1250 1583 1671 1037 1620 1377 1690 1833 1392 1272 1846 1827 1422 1815 1632 1142 1006 1013 1550 1601 1125 BCNSPRNW ULIB Ver.6.0+V

เปลี่ยนเป็นภาษาไทย

Change to English
 แสดงรายละเอียดบรรณานุกรม
  กลับหน้าหลัก

Brief Record : Get Marc (ISO 2709) : E-mail record : QR code < ปิดหน้าต่าง
LEADER : 00000nam 2200000uu 4500
001    13399120018
003     ULIB
008    120822s2555||||th 000 0 tha d
020    ^a9749741111305
050  0 ^aPE1116.N8^bธ129M
110 1  ^aโรงพยาบาลศิริราช.^bฝ่ายการพยาบาล
245 10 ^aMay i help you พูดง่ายๆสไตล์พยาบาล^cฝ่ายการพยาบาล โรงพยาบาลศิริราช
250    ^aพิมพ์ครั้งที่ 3
260    ^aนนทบุรี : ^bปริ้นโอเชี่ยน,^c2555
300    ^a190 หน้า
650  0 ^aภาษาอังกฤษ^xการใช้ภาษา^xพยาบาล
650  0 ^aภาษาอังกฤษ^xบทสนทนาและวลี
700 0  ^aธชพร เทศะศิลป์
945    ^p200^l0^i032484
945    ^p200^l0^i032485
945    ^p200^l0^i032486
995    ^aเกษร
999 ^a ใช้งานได้ทุกระบบ
รายการนี้ยังไม่มีแท็ก
คุณยังไม่ได้ล็อกอิน คุณสามารถมีกิจกรรมร่วมกับเว็บไซต์ได้ แต่ต้องล็อกอินก่อน ::
  ล็อกอิน

รายการสื่อสารสนเทศ

ลำดับที่ ประเภท เลขเรียก/บาร์โค้ด สถานที่ สถานะ
- ไม่พบข้อมูล -

BibComment


ยังไม่เคยถูกคอมเมนท์

คอมเมนท์ทรัพยากรรายการนี้
  คอมเมนท์: May i help you พ..


 Copyright 2026. Bcnsprnw @Library